000 00456nam a2200169Ia 4500
003 GCL
008 140319s9999 xx 000 0 eng d
040 _aGCL /
_cGCL
082 0 4 _a551.6
_bG A
100 1 _aGRAEDELEL, T.E.
245 1 0 _aATMOSPHERIC CHANGE: AN EARTH SYSTEM /
_cGRAEDELEL, T.E.
700 1 _aCRUTZEN,PAULJ.
260 _a[S.N] :
_bW. H.FREEMAN AND COMPANY ،
_c1992
300 _a446 PP
650 0 4 _aCLIMACTIC CHANGES
942 _2ddc
_cBK
999 _c25096
_d25096